000 00853nam a2200229Ia 4500
999 _c53756
_d53756
001 20804
003 GE_BSU
005 20221111123109.0
008 181216s2014||||enk|||||||||||||| ||eng||
020 _a9780230248267x
040 _cGE_BSU
041 _aeng
080 _a327(4) G-46
100 _aGinsberg, Roy H.
_911403
245 4 _aThe European Union in global security :
_bthe politics of impact /
_cRoy H. Ginsberg ; Susan E. Penksa.
264 _aNew York :
_bpalgrave macmillan,
_c2014.
300 _a299 p. ;
_c23 cm.
653 _aევროკავშირი გლობალურ უსაფრთხოებაში : გავლენის პოლიტიკა
653 _aპოლიტიკა ევროკავშირის
700 _aPenksa, Susan E.
_eავტორი
_911404
942 _cBK
_2udc